[Event "DVM U14w 2014"]
[Site "Regensburg GER"]
[Date "2014.12.30"]
[Round "7"]
[White "Ehmann, Johanna"]
[Black "Köhler, Inken"]
[Result "0-1"]
[Termination "normal"]
[Board "2.2"]
[WhiteElo "1563"]
[BlackElo "1740"]
[WhiteClock "00:27:08"]
[BlackClock "00:40:14"]
[WhiteTeam "SF Sasbach"]
[BlackTeam "TuRa Harksheide"]
[PlyCount "92"]
[WhiteFideId "12953130"]
[BlackFideId "12929301"]
[EventCountry "GER"]
[EventRounds "7"]
[EventType "team-swiss"]
[EventDate "2014.12.26"]

1. e4 {[%clk 1:30:58]} c5 {[%clk 1:30:57]} 2. Nf3 {[%clk 1:31:20]} e6 {[%clk
1:31:22]} 3. c4 {[%clk 1:31:44]} Nc6 {[%clk 1:30:34]} 4. Nc3 {[%clk 1:31:34]}
Nf6 {[%clk 1:30:31]} 5. Be2 {[%clk 1:31:36]} d5 {[%clk 1:29:02]} 6. e5 {[%clk
1:26:44]} Ng4 {[%clk 1:23:06]} 7. cxd5 {[%clk 1:21:05]} exd5 {[%clk 1:20:59]}
8. Bb5 {[%clk 1:17:21]} d4 {[%clk 1:17:59]} 9. Ne4 {[%clk 1:12:31]} Qd5 {[%clk
1:16:11]} 10. Qe2 {[%clk 1:09:32]} Ngxe5 {[%clk 1:07:50]} 11. d3 {[%clk
1:07:47]} Be7 {[%clk 1:06:17]} 12. Bf4 {[%clk 1:01:48]} O-O {[%clk 1:04:12]}
13. O-O {[%clk 0:56:41]} Bg4 {[%clk 1:03:19]} 14. Bxc6 {[%clk 0:55:05]} Nxc6
{[%clk 1:01:44]} 15. Rfe1 {[%clk 0:52:53]} Qf5 {[%clk 0:59:40]} 16. Bd6 {[%clk
0:45:17]} Bxf3 {[%clk 0:59:01]} 17. Qxf3 {[%clk 0:42:47]} Qxf3 {[%clk 0:58:39]}
18. gxf3 {[%clk 0:43:10]} Bxd6 {[%clk 0:59:00]} 19. Nxd6 {[%clk 0:43:33]} b6
{[%clk 0:58:53]} 20. Rad1 {[%clk 0:41:13]} Rad8 {[%clk 0:58:00]} 21. Nf5 {[%clk
0:40:13]} Rfe8 {[%clk 0:57:41]} 22. Nd6 {[%clk 0:37:18]} Rxe1+ {[%clk 0:57:32]}
23. Rxe1 {[%clk 0:37:30]} Kf8 {[%clk 0:57:48]} 24. Ne4 {[%clk 0:37:05]} Ne5
{[%clk 0:57:32]} 25. Rd1 {[%clk 0:35:35]} Nxf3+ {[%clk 0:57:27]} 26. Kg2 {[%clk
0:35:50]} Ne5 {[%clk 0:57:04]} 27. f4 {[%clk 0:35:38]} Nc6 {[%clk 0:56:11]} 28.
a3 {[%clk 0:35:22]} Re8 {[%clk 0:55:58]} 29. Kf3 {[%clk 0:34:49]} Ne7 {[%clk
0:54:13]} 30. b4 {[%clk 0:33:32]} cxb4 {[%clk 0:53:49]} 31. axb4 {[%clk
0:33:55]} Nd5 {[%clk 0:53:47]} 32. Ra1 {[%clk 0:33:31]} Nxb4 {[%clk 0:53:24]}
33. Rxa7 {[%clk 0:32:52]} Nxd3 {[%clk 0:52:51]} 34. Ra1 {[%clk 0:31:26]} Nc5
{[%clk 0:52:15]} 35. Nd6 {[%clk 0:29:54]} Re3+ {[%clk 0:51:02]} 36. Kg4 {[%clk
0:29:25]} g6 {[%clk 0:48:17]} 37. Ra8+ {[%clk 0:27:23]} Kg7 {[%clk 0:45:58]}
38. Ra7 {[%clk 0:26:57]} d3 {[%clk 0:41:03]} 39. Nf5+ {[%clk 0:26:35]} gxf5+
{[%clk 0:40:11]} 40. Kxf5 {[%clk 0:26:11]} d2 {[%clk 0:39:46]} 41. Ra1 {[%clk
0:25:56]} Re1 {[%clk 0:39:51]} 42. Rxe1 {[%clk 0:26:10]} dxe1=Q {[%clk
0:40:12]} 43. Kg5 {[%clk 0:26:24]} f6+ {[%clk 0:39:45]} 44. Kh5 {[%clk
0:26:43]} Qg1 {[%clk 0:39:55]} 45. h3 {[%clk 0:26:51]} Qg3 {[%clk 0:39:48]} 46.
h4 {[%clk 0:27:08]} Qg6# {[%clk 0:40:14]} 0-1

[Event "DVM U14w 2014"]
[Site "Regensburg GER"]
[Date "2014.12.30"]
[Round "7"]
[White "Janke, Luisa"]
[Black "Lohrmann, Tabea"]
[Result "0-1"]
[Termination "normal"]
[Board "2.3"]
[WhiteElo "1369"]
[BlackElo "1465"]
[WhiteClock "00:23:37"]
[BlackClock "00:15:12"]
[WhiteTeam "TuRa Harksheide"]
[BlackTeam "SF Sasbach"]
[PlyCount "80"]
[WhiteFideId "12925225"]
[BlackFideId "12911941"]
[EventCountry "GER"]
[EventRounds "7"]
[EventType "team-swiss"]
[EventDate "2014.12.26"]

1. Nf3 {[%clk 1:30:57]} Nf6 {[%clk 1:30:53]} 2. d4 {[%clk 1:31:12]} d5 {[%clk
1:31:15]} 3. Bf4 {[%clk 1:31:26]} e6 {[%clk 1:30:51]} 4. Nc3 {[%clk 1:31:02]}
c5 {[%clk 1:30:23]} 5. Nb5 {[%clk 1:26:57]} Qa5+ {[%clk 1:29:01]} 6. Nc3 {[%clk
1:25:20]} Be7 {[%clk 1:27:15]} 7. g3 {[%clk 1:18:48]} O-O {[%clk 1:25:14]} 8.
Bg2 {[%clk 1:19:01]} Nc6 {[%clk 1:23:26]} 9. O-O {[%clk 1:17:59]} Qb4 {[%clk
1:19:56]} 10. dxc5 {[%clk 1:10:41]} d4 11. Nb1 {[%clk 1:06:36]} Qxb2 {[%clk
1:07:02]} 12. Nbd2 {[%clk 1:04:46]} Bxc5 {[%clk 1:00:15]} 13. Ne5 {[%clk
1:00:21]} Bd7 {[%clk 0:49:01]} 14. Rb1 {[%clk 0:56:19]} Qxa2 {[%clk 0:48:48]}
15. Rxb7 {[%clk 0:56:34]} Nxe5 {[%clk 0:48:09]} 16. Bxe5 {[%clk 0:56:19]} Ba4
{[%clk 0:38:06]} 17. Nb3 {[%clk 0:48:52]} Bxb3 {[%clk 0:34:58]} 18. Rxb3 {[%clk
0:49:07]} Rad8 {[%clk 0:34:40]} 19. Qd2 {[%clk 0:41:50]} Ng4 {[%clk 0:28:11]}
20. Qg5 {[%clk 0:37:39]} Nxe5 {[%clk 0:28:07]} 21. Qxe5 {[%clk 0:36:34]} Qxc2
{[%clk 0:27:21]} 22. Rd3 {[%clk 0:35:24]} Bb6 {[%clk 0:22:26]} 23. Be4 {[%clk
0:32:08]} Qc5 {[%clk 0:22:06]} 24. Qf4 {[%clk 0:30:53]} f5 {[%clk 0:20:05]} 25.
Bg2 {[%clk 0:28:48]} e5 {[%clk 0:19:42]} 26. Qh4 {[%clk 0:25:40]} e4 {[%clk
0:19:02]} 27. Rdd1 {[%clk 0:24:22]} d3 {[%clk 0:17:38]} 28. exd3 {[%clk
0:24:36]} exd3 {[%clk 0:17:45]} 29. Qf4 {[%clk 0:24:09]} Qd4 {[%clk 0:17:11]}
30. Qf3 {[%clk 0:24:01]} Qg4 {[%clk 0:16:20]} 31. Qxg4 {[%clk 0:23:45]} fxg4
{[%clk 0:16:41]} 32. Rd2 {[%clk 0:23:39]} Rd4 {[%clk 0:14:35]} 33. Rfd1 {[%clk
0:23:19]} Rfd8 {[%clk 0:14:01]} 34. Be4 {[%clk 0:23:27]} Rxe4 {[%clk 0:13:56]}
35. Rxd3 {[%clk 0:23:07]} Rxd3 {[%clk 0:14:12]} 36. Rxd3 {[%clk 0:23:31]} Re1+
{[%clk 0:14:04]} 37. Kg2 {[%clk 0:23:46]} Re2 {[%clk 0:14:14]} 38. Rc3 {[%clk
0:22:56]} Rxf2+ {[%clk 0:14:33]} 39. Kh1 {[%clk 0:23:14]} Rf1+ {[%clk 0:14:52]}
40. Kg2 {[%clk 0:23:37]} Rg1# {[%clk 0:15:12]} 0-1

[Event "DVM U14w 2014"]
[Site "Regensburg GER"]
[Date "2014.12.30"]
[Round "7"]
[White "Schneider, Katharina"]
[Black "Giede, Anna-Blume"]
[Result "0-1"]
[Termination "normal"]
[Board "2.4"]
[WhiteElo "1153"]
[BlackElo "1471"]
[WhiteClock "00:42:31"]
[BlackClock "00:14:49"]
[WhiteTeam "SF Sasbach"]
[BlackTeam "TuRa Harksheide"]
[PlyCount "92"]
[WhiteFideId "16200519"]
[BlackFideId "12921980"]
[EventCountry "GER"]
[EventRounds "7"]
[EventType "team-swiss"]
[EventDate "2014.12.26"]

1. e4 {[%clk 1:30:58]} g6 {[%clk 1:30:56]} 2. Bc4 {[%clk 1:31:08]} c6 {[%clk
1:30:29]} 3. Nc3 {[%clk 1:30:46]} Bg7 {[%clk 1:30:47]} 4. f4 {[%clk 1:30:26]}
d6 {[%clk 1:27:00]} 5. Nf3 {[%clk 1:27:29]} Nf6 {[%clk 1:23:24]} 6. d4 {[%clk
1:23:52]} d5 {[%clk 1:17:33]} 7. exd5 {[%clk 1:23:17]} cxd5 {[%clk 1:17:47]} 8.
Be2 {[%clk 1:22:23]} O-O {[%clk 1:14:14]} 9. O-O {[%clk 1:20:27]} Nc6 {[%clk
1:13:45]} 10. Be3 {[%clk 1:18:40]} Bf5 {[%clk 1:08:11]} 11. a3 {[%clk 1:15:45]}
Qb6 {[%clk 0:56:51]} 12. Rb1 {[%clk 1:10:52]} Rad8 {[%clk 0:49:37]} 13. Qd2
{[%clk 1:05:49]} a6 {[%clk 0:34:22]} 14. Ne5 {[%clk 1:00:18]} Ne4 {[%clk
0:23:30]} 15. Qd1 {[%clk 0:55:30]} Nxe5 {[%clk 0:20:28]} 16. fxe5 {[%clk
0:54:58]} Bxe5 {[%clk 0:20:10]} 17. dxe5 {[%clk 0:54:42]} Qxe3+ {[%clk
0:20:29]} 18. Kh1 {[%clk 0:54:52]} Nf2+ {[%clk 0:20:25]} 19. Rxf2 {[%clk
0:55:01]} Qxf2 {[%clk 0:20:49]} 20. Nxd5 {[%clk 0:50:59]} Kg7 {[%clk 0:19:38]}
21. Bf3 {[%clk 0:50:30]} e6 {[%clk 0:16:52]} 22. h3 {[%clk 0:47:34]} exd5
{[%clk 0:16:30]} 23. Rc1 {[%clk 0:43:09]} Be4 {[%clk 0:14:25]} 24. Bxe4 {[%clk
0:42:42]} dxe4 {[%clk 0:14:51]} 25. Qg4 {[%clk 0:42:43]} e3 {[%clk 0:13:57]}
26. e6 {[%clk 0:42:31]} fxe6 {[%clk 0:12:26]} 27. Qxe6 {[%clk 0:42:47]} Rde8
{[%clk 0:12:37]} 28. Qg4 {[%clk 0:42:35]} e2 {[%clk 0:12:29]} 29. Kh2 {[%clk
0:42:21]} Qf4+ {[%clk 0:12:23]} 30. Qxf4 {[%clk 0:42:20]} Rxf4 {[%clk 0:12:50]}
31. Re1 {[%clk 0:42:07]} Rf1 {[%clk 0:13:00]} 32. Rxe2 {[%clk 0:42:14]} Rxe2
{[%clk 0:13:25]} 33. c4 {[%clk 0:42:31]} Rxb2 {[%clk 0:13:03]} 34. a4 {[%clk
0:42:28]} Rff2 {[%clk 0:13:27]} 35. Kg3 {[%clk 0:42:22]} Rxg2+ {[%clk 0:13:51]}
36. Kf3 {[%clk 0:42:18]} Rh2 {[%clk 0:13:48]} 37. Kg3 {[%clk 0:42:18]} Rbg2+
{[%clk 0:12:54]} 38. Kf3 {[%clk 0:42:37]} Rg1 {[%clk 0:12:54]} 39. Ke3 {[%clk
0:42:35]} Rxh3+ {[%clk 0:13:17]} 40. Kd4 {[%clk 0:42:33]} Rc1 {[%clk 0:13:13]}
41. Kc5 {[%clk 0:42:37]} Rhc3 {[%clk 0:13:32]} 42. Kb6 {[%clk 0:42:48]} Rxc4
{[%clk 0:13:54]} 43. Kxb7 Rxa4 44. Kb6 {[%clk 0:41:58]} Rb4+ {[%clk 0:14:04]}
45. Ka5 {[%clk 0:42:11]} Rb8 {[%clk 0:14:24]} 46. Kxa6 {[%clk 0:42:31]} Ra1#
{[%clk 0:14:49]} 0-1

[Event "DVM U14w 2014"]
[Site "Regensburg GER"]
[Date "2014.12.30"]
[Round "7"]
[White "Poetsch, Leonore"]
[Black "Halas, Julia"]
[Result "0-1"]
[Termination "normal"]
[Board "3.1"]
[WhiteElo "1603"]
[BlackElo "1624"]
[WhiteTeam "SK Langen"]
[BlackTeam "SG Leipzig"]
[PlyCount "104"]
[WhiteFideId "12940372"]
[BlackFideId "12931810"]
[EventCountry "GER"]
[EventRounds "7"]
[EventType "team-swiss"]
[EventDate "2014.12.26"]

1. Nf3 Nf6 2. c4 g6 3. d4 Bg7 4. Nc3 O-O 5. e4 d6 6. Be2 Nc6 7. O-O e5 8. dxe5
dxe5 9. Be3 Bg4 10. h3 Bxf3 11. Bxf3 Ne7 12. Qb3 b6 13. Rfd1 Qc8 14. Rd2 c6 15.
Rad1 Qc7 16. Qa4 a5 17. Qb3 Rab8 18. Rd6 Nc8 19. R6d3 h6 20. a4 Re8 21. R1d2
Bf8 22. Qd1 Rb7 23. g4 Re7 24. b3 Rd7 25. Qc2 Rxd3 26. Rxd3 Kh7 27. g5 Nd7 28.
Bg4 Nc5 29. Bxc5 Bxc5 30. Rd7 Qb8 31. Rd8 Rc7 32. gxh6 Qb7 33. h4 Be7 34. Rd3
Bxh4 35. Rh3 Be7 36. Qd1 Nd6 37. Kg2 Ne8 38. Qf3 Nf6 39. Rh1 Qb8 40. Bh3 Qf8
41. Qe3 Bc5 42. Qg5 Qe7 43. Qd2 Bb4 44. f3 Nh5 45. Bg4 Nf4+ 46. Kf2 {(=)} Qc5+
47. Kg3 Bxc3 48. Qd8 Qe7 49. Qd1 Bd4 50. Rh2 Qb4 51. Qb1 Qc3 52. Qa2 Qe1+ 0-1

[Event "DVM U14w 2014"]
[Site "Regensburg GER"]
[Date "2014.12.30"]
[Round "7"]
[White "Schmidt, Alexandra"]
[Black "Reinecke, Katharina"]
[Result "0-1"]
[Termination "normal"]
[Board "3.2"]
[WhiteElo "1508"]
[BlackElo "1671"]
[WhiteTeam "SG Leipzig"]
[BlackTeam "SK Langen"]
[PlyCount "66"]
[WhiteFideId "12946036"]
[BlackFideId "12929727"]
[EventCountry "GER"]
[EventRounds "7"]
[EventType "team-swiss"]
[EventDate "2014.12.26"]

1. e4 c6 2. d4 d5 3. exd5 cxd5 4. c4 Nc6 5. Nc3 e6 6. Nf3 Nf6 7. Bg5 Be7 8. Bd3
O-O 9. O-O dxc4 10. Bxc4 b6 11. Qd2 Bb7 12. Rad1 Na5 13. Be2 Rc8 14. Qf4 Nd5
15. Qd2 f6 16. Bf4 Bb4 17. Rc1 Nc4 18. Bxc4 Rxc4 19. Bg3 Qc8 20. Qd3 Nxc3 21.
bxc3 Rxc3 22. Rxc3 Qxc3 23. Ne1 Bd5 24. Qxc3 Bxc3 25. Nc2 Bxa2 26. Rd1 Rd8 27.
f4 b5 28. Be1 Bxe1 29. Rxe1 Bb3 30. Na3 a6 31. Rc1 Rxd4 32. Rc8+ Kf7 33. Rc7+
Kg6 0-1

[Event "DVM U14w 2014"]
[Site "Regensburg GER"]
[Date "2014.12.30"]
[Round "7"]
[White "Kahle, Leonie"]
[Black "Lehnert, Anna-Victoria"]
[Result "1-0"]
[Termination "normal"]
[Board "3.4"]
[WhiteElo "1365"]
[BlackElo "1093"]
[WhiteTeam "SG Leipzig"]
[BlackTeam "SK Langen"]
[PlyCount "125"]
[WhiteFideId "12983306"]
[BlackFideId "12957062"]
[EventCountry "GER"]
[EventRounds "7"]
[EventType "team-swiss"]
[EventDate "2014.12.26"]

1. e4 {[%emt 0:00:00]} e5 {[%emt 0:00:00]} 2. Nf3 Nf6 3. Nc3 Nc6 4. d4 exd4 5.
Nxd4 Bb4 6. Nxc6 bxc6 7. Bd3 d5 8. exd5 cxd5 9. Bd2 c6 10. Ne2 Rb8 11. c3 Be7
12. Rb1 O-O 13. O-O Re8 14. Ng3 Be6 15. b3 Qd7 16. h3 Bd6 17. Be3 Rb7 18. Qd2
Qe7 19. Rfe1 Bxg3 20. fxg3 Ne4 21. Bxe4 dxe4 22. Qc2 Bf5 23. b4 h6 24. a3 Qc7
25. Kh2 Bh7 26. c4 Qe5 27. a4 Reb8 {(=)} 28. b5 Qe6 29. Red1 Qc8 30. bxc6 Rxb1
31. Rxb1 Rxb1 32. Qxb1 Bf5 33. Qb7 Qe8 34. a5 Bc8 35. Qxa7 Qxc6 36. c5 Kf8 37.
Bf4 Qa6 {(=)} 38. Bd6+ Kg8 39. Qxa6 Bxa6 40. Kg1 e3 41. c6 f6 42. c7 Kf7 43.
Bc5 Ke6 44. Bxe3 Kd7 45. Bc5 g6 46. g4 h5 {(=)} 47. gxh5 gxh5 48. Kf2 Ke6 49.
Kf3 f5 50. Kf4 Kf6 51. g3 Bc8 52. Bd4+ Kg6 53. h4 Ba6 54. Ke5 Bc8 55. Kd6 Kf7
56. Be5 Ke8 57. Bf4 Kf7 58. Kc6 Ke7 59. Kb6 Be6 60. a6 Kd7 61. Kb7 Bd5+ 62. Kb8
Ke7 63. c8=Q 1-0

[Event "DVM U14w 2014"]
[Site "Regensburg GER"]
[Date "2014.12.30"]
[Round "7"]
[White "Hausmann, Sarah"]
[Black "Schneider, Jana"]
[Result "0-1"]
[Termination "normal"]
[Board "4.1"]
[WhiteElo "1364"]
[BlackElo "1759"]
[WhiteTeam "SK Gräfelfing"]
[BlackTeam "SK Neumarkt"]
[PlyCount "52"]
[WhiteFideId "12972630"]
[BlackFideId "12924997"]
[EventCountry "GER"]
[EventRounds "7"]
[EventType "team-swiss"]
[EventDate "2014.12.26"]

1. e4 e5 2. Nf3 Nc6 3. Bb5 a6 4. Bxc6 dxc6 5. d4 exd4 6. Qxd4 Qxd4 7. Nxd4 Bc5
8. Be3 Nf6 9. f3 O-O 10. Kf2 Rd8 11. Rd1 b6 12. Nc3 Bb7 13. Nb3 Bd6 14. Rd2 Rd7
15. Rad1 Rad8 16. Ne2 c5 17. Kg1 Bxe4 18. Bg5 Bxc2 19. Re1 Bxb3 20. axb3 Bxh2+
21. Kxh2 Rxd2 22. Bxd2 Rxd2 23. Nc3 Rxb2 24. Nd5 Rxb3 25. Nxc7 a5 26. Rd1 Kf8 {
Aufgabe} 0-1

[Event "DVM U14w 2014"]
[Site "Regensburg GER"]
[Date "2014.12.30"]
[Round "7"]
[White "Schilay, Eva"]
[Black "Shvartsman, Kristina"]
[Result "1-0"]
[Termination "normal"]
[Board "4.2"]
[WhiteElo "1464"]
[BlackElo "1388"]
[WhiteTeam "SK Neumarkt"]
[BlackTeam "SK Gräfelfing"]
[PlyCount "35"]
[WhiteFideId "12930164"]
[BlackFideId "12983438"]
[EventCountry "GER"]
[EventRounds "7"]
[EventType "team-swiss"]
[EventDate "2014.12.26"]

1. Nc3 {[%emt 0:00:00]} c5 2. Nf3 d6 3. d4 cxd4 4. Nxd4 Nc6 5. g3 Nf6 6. Bg2
Bd7 7. Bg5 e6 8. Ndb5 d5 9. e4 dxe4 10. O-O Rc8 11. Nxe4 Qa5 12. Nbd6+ Bxd6 13.
Nxd6+ Kd8 14. Nxb7+ Ke7 15. Nxa5 Nxa5 16. Bxf6+ gxf6 17. Qd2 Nc4 18. Qb4+ {
Aufgabe} 1-0

[Event "DVM U14w 2014"]
[Site "Regensburg GER"]
[Date "2014.12.30"]
[Round "7"]
[White "Khamenya, Vitalia"]
[Black "Schilay, Maria"]
[Result "1-0"]
[Termination "normal"]
[Board "4.3"]
[WhiteElo "1422"]
[BlackElo "1234"]
[WhiteTeam "SK Gräfelfing"]
[BlackTeam "SK Neumarkt"]
[PlyCount "79"]
[WhiteFideId "12959260"]
[BlackFideId "12942979"]
[EventCountry "GER"]
[EventRounds "7"]
[EventType "team-swiss"]
[EventDate "2014.12.26"]

1. e4 e5 2. f4 exf4 3. Nf3 d5 4. e5 Nc6 5. d4 Nge7 6. Bxf4 Nf5 7. Bb5 Bd7 8.
Nc3 Bb4 9. O-O Be6 10. Bg5 f6 11. exf6 gxf6 12. Qe2 Qe7 13. Rae1 O-O-O 14. Bxc6
bxc6 15. Qa6+ Kd7 16. Ne5+ Ke8 17. Nxc6 Qd6 18. Bxf6 Ra8 19. Bxh8 Kd7 20. Ne5+
Ke7 21. Qxd6+ cxd6 22. Nc6+ Kd7 23. Nxb4 Rxh8 24. Nbxd5 Nxd4 25. Nf6+ Kc6 26.
Rf4 Kc5 27. Rxd4 Kxd4 28. Rxe6 Rb8 29. Re4+ Kc5 30. Nd7+ Kc6 31. Nxb8+ Kc7 32.
Na6+ Kb6 33. Nb4 a5 34. Nbd5+ Kc6 35. Rh4 Kc5 36. Rxh7 Kd4 37. Re7 Kc5 38. Kf2
a4 39. Ke3 a3 40. Rc7# 1-0

[Event "DVM U14w 2014"]
[Site "Regensburg GER"]
[Date "2014.12.30"]
[Round "7"]
[White "Peil, Celine"]
[Black "Mönster, Madita"]
[Result "1-0"]
[Termination "normal"]
[Board "5.1"]
[WhiteElo "1870"]
[BlackElo "1602"]
[WhiteTeam "USG Chemnitz"]
[BlackTeam "SK Nordhorn-Blanke"]
[PlyCount "113"]
[WhiteFideId "12942219"]
[BlackFideId "12947156"]
[EventCountry "GER"]
[EventRounds "7"]
[EventType "team-swiss"]
[EventDate "2014.12.26"]

1. e4 {[%emt 0:00:00]} c5 2. Nf3 d6 3. d4 cxd4 4. Nxd4 Nf6 5. Nc3 Nc6 6. Bc4 e6
7. O-O Be7 8. Bb3 O-O 9. Kh1 a6 10. f4 Qb6 11. Be3 Qc7 12. Qe2 b5 13. a3 Bb7
14. Rad1 Rad8 15. f5 exf5 16. Nxf5 Ne5 17. Bf4 Rfe8 18. Qe3 Bf8 19. Bxe5 dxe5
20. Qg3 Kh8 21. Rde1 {(=)} Bc6 22. Nh6 Rd7 23. Rxf6 gxh6 24. Ref1 Ree7 25. Qf3
Bg7 26. Rxf7 Rxf7 27. Bxf7 Rd6 28. Bb3 Rf6 29. Qe2 Qd8 30. Nd5 Rf8 31. Rf3 Bd7
32. h3 Re8 33. Qf2 Be6 34. Qb6 Qc8 35. Qc7 Qa8 36. Rg3 Rg8 37. Qe7 Bf8 38. Qf6+
Rg7 39. Rxg7 Bxg7 40. Qxe6 a5 41. Nf6 Qf8 42. Qg8+ Qxg8 43. Nxg8 Bf8 44. Nf6
Kg7 45. Nd7 Bd6 46. Bd5 Kg6 47. Kg1 h5 48. h4 b4 49. axb4 axb4 50. c3 bxc3 51.
bxc3 Kg7 52. c4 Bc7 53. c5 h6 54. c6 Bd6 55. Kf2 Kg6 56. Ke2 Kg7 57. Kd3 1-0

[Event "DVM U14w 2014"]
[Site "Regensburg GER"]
[Date "2014.12.30"]
[Round "7"]
[White "ter Stal, Esther"]
[Black "Fuchs, Joline"]
[Result "0-1"]
[Termination "normal"]
[Board "5.2"]
[WhiteElo "1482"]
[BlackElo "1416"]
[WhiteTeam "SK Nordhorn-Blanke"]
[BlackTeam "USG Chemnitz"]
[PlyCount "104"]
[WhiteFideId "12944467"]
[BlackFideId "12964506"]
[EventCountry "GER"]
[EventRounds "7"]
[EventType "team-swiss"]
[EventDate "2014.12.26"]

1. d4 d5 2. Nf3 Nf6 3. e3 e6 4. Bd3 Be7 5. Nbd2 O-O 6. O-O Nbd7 7. e4 dxe4 8.
Nxe4 Nxe4 9. Bxe4 Nf6 10. Bd3 Bd7 11. c3 Nd5 12. Ne5 Bf6 13. Re1 g6 14. Bh6 Bg7
15. Qd2 Qe7 16. Be4 c6 17. Bxg7 Kxg7 18. c4 Nb6 19. Re3 f6 20. c5 Nd5 21. Bxd5
cxd5 22. Nf3 Bb5 23. Rae1 Rae8 {(=)} 24. Qa5 a6 25. h3 Qd7 {(=)} 26. Qb6 Bc6 {
(=)} 27. b4 Re7 {(=)} 28. a4 Rfe8 {(=)} 29. b5 axb5 {(=)} 30. a5 Ra8 31. Rxe6
Rxe6 32. Rxe6 Qxe6 33. Qc7+ Qd7 34. Qf4 Rxa5 35. Qd2 Ra1+ 36. Kh2 Qf5 37. Qe2
Qf4+ 38. g3 Qe4 39. Qb2 Rb1 40. Qa2 b4 41. Kg2 b3 42. Qa5 Re1 43. Qb6 Rb1 44.
Qc7+ Kh6 45. Qd8 Rg1+ 46. Kxg1 Qxf3 47. Qf8+ Kg5 48. g4 Qxh3 49. f4+ Kxg4 50.
Qxf6 Kf3 51. Qg5 Qg3+ 52. Kh1 Qxg5 0-1

[Event "DVM U14w 2014"]
[Site "Regensburg GER"]
[Date "2014.12.30"]
[Round "7"]
[White "Wolterink, Jule"]
[Black "Belusa, Laura Sophie"]
[Result "0-1"]
[Termination "normal"]
[Board "5.4"]
[WhiteElo "1008"]
[BlackElo "1126"]
[WhiteTeam "SK Nordhorn-Blanke"]
[BlackTeam "USG Chemnitz"]
[PlyCount "72"]
[WhiteFideId "12981206"]
[BlackFideId "12964522"]
[EventCountry "GER"]
[EventRounds "7"]
[EventType "team-swiss"]
[EventDate "2014.12.26"]

1. e4 e5 2. Nf3 Nc6 3. Bc4 Bc5 4. c3 Nf6 5. d4 exd4 6. cxd4 Bb4+ 7. Nc3 Bxc3+
8. bxc3 Nxe4 9. d5 Ne7 10. O-O O-O 11. Qc2 Nc5 12. Bg5 d6 13. Rfe1 Re8 14. Qe2
f6 15. Be3 Nf5 16. Qd2 Ne4 17. Qc2 Ng5 18. Bd2 Nxf3+ 19. gxf3 Nh4 20. Qd3 Bf5
21. Rxe8+ Qxe8 22. Qe2 Qg6+ 23. Kf1 Bh3+ 24. Ke1 Qg1+ 25. Qf1 Re8+ 26. Be3 Bxf1
27. Bxf1 Ng2+ 28. Ke2 Nxe3 29. fxe3 Qxe3+ 30. Kd1 Qe1+ 31. Kc2 Qxa1 32. Kb3
Qxf1 33. Kb4 Qb1+ 34. Kc4 Re2 35. h3 b5+ 36. Kd4 Qd1# 0-1

[Event "DVM U14w 2014"]
[Site "Regensburg GER"]
[Date "2014.12.30"]
[Round "7"]
[White "Jörs, Pia-Milena"]
[Black "Oberhofer, Marie"]
[Result "0-1"]
[Termination "normal"]
[Board "6.1"]
[WhiteElo "1462"]
[BlackElo "1648"]
[WhiteTeam "SG Güstrow/Teterow"]
[BlackTeam "SC Bavaria Regensburg"]
[PlyCount "68"]
[WhiteFideId "12964646"]
[BlackFideId "12938165"]
[EventCountry "GER"]
[EventRounds "7"]
[EventType "team-swiss"]
[EventDate "2014.12.26"]

1. d4 {[%emt 0:00:00]} Nf6 2. c4 c5 3. e3 g6 4. Bd3 Bg7 5. Ne2 O-O 6. O-O d5 7.
Nbc3 Nc6 8. f3 cxd4 9. exd4 dxc4 10. Bxc4 a6 11. Be3 b5 12. Bb3 Na5 13. Bc2 Bb7
14. b3 Rc8 15. Ne4 Nd5 16. Bf2 Qb6 17. Qd2 Rfd8 18. Rac1 Nc6 19. Rfd1 e6 20.
Nc5 Nce7 21. Be4 Nf5 22. Bxf5 exf5 23. Nxb7 Qxb7 24. Qd3 Bh6 25. Rxc8 Rxc8 26.
g3 Nb4 27. Qb1 Qxf3 28. Nf4 Bxf4 29. gxf4 Rc2 30. Rf1 Re2 31. Qe1 Rxe1 32. Rxe1
Nd3 33. Rf1 Nxf4 34. Bg3 Qg2# 0-1

[Event "DVM U14w 2014"]
[Site "Regensburg GER"]
[Date "2014.12.30"]
[Round "7"]
[White "Böse, Carolin"]
[Black "Eulitz, Charlotte"]
[Result "1/2-1/2"]
[Termination "normal"]
[Board "6.2"]
[WhiteElo "1410"]
[BlackElo "1482"]
[WhiteTeam "SC Bavaria Regensburg"]
[BlackTeam "SG Güstrow/Teterow"]
[PlyCount "44"]
[WhiteFideId "12929646"]
[BlackFideId "12964654"]
[EventCountry "GER"]
[EventRounds "7"]
[EventType "team-swiss"]
[EventDate "2014.12.26"]

1. e4 e5 2. Nf3 Nc6 3. Bc4 Bc5 4. c3 Nf6 5. d3 h6 6. Be3 Bb6 7. Nbd2 O-O 8. O-O
d5 9. exd5 Nxd5 10. Qe1 Re8 11. Ne4 Bf5 12. Nfd2 Nf6 13. Bxb6 axb6 14. f3 Na5
15. Qe2 Nxc4 16. Nxc4 Be6 17. Nxe5 Bxa2 18. f4 Nxe4 19. dxe4 f6 20. Nf3 Bd5 21.
e5 Bxf3 22. Qxf3 Rxa1 1/2-1/2

[Event "DVM U14w 2014"]
[Site "Regensburg GER"]
[Date "2014.12.30"]
[Round "7"]
[White "Maßloch, Lea"]
[Black "Hauner, Sara-Marie"]
[Result "1-0"]
[Termination "normal"]
[Board "6.3"]
[WhiteElo "1133"]
[BlackElo "756"]
[WhiteTeam "SG Güstrow/Teterow"]
[BlackTeam "SC Bavaria Regensburg"]
[PlyCount "27"]
[WhiteFideId "12957909"]
[BlackFideId "16200578"]
[EventCountry "GER"]
[EventRounds "7"]
[EventType "team-swiss"]
[EventDate "2014.12.26"]

1. e4 {[%emt 0:00:00]} e5 2. f4 exf4 3. Nf3 d5 4. exd5 Nf6 5. Nc3 Bc5 6. d4 Bb6
7. Bc4 O-O 8. O-O Re8 9. Bxf4 Bg4 10. Qd2 Nbd7 11. Kh1 Bxf3 12. Rxf3 Re7 13.
Bg5 Re8 14. Bb5 {nicht nachvollziehbar} 1-0

[Event "DVM U14w 2014"]
[Site "Regensburg GER"]
[Date "2014.12.30"]
[Round "7"]
[White "Hartmann, Jasmin"]
[Black "Schulz, Theresa Charlotte"]
[Result "0-1"]
[Termination "normal"]
[Board "7.1"]
[WhiteElo "1217"]
[BlackElo "1659"]
[WhiteTeam "SV 1926 Riegelsberg"]
[BlackTeam "SV Empor Erfurt"]
[PlyCount "88"]
[WhiteFideId "12988898"]
[BlackFideId "12952206"]
[EventCountry "GER"]
[EventRounds "7"]
[EventType "team-swiss"]
[EventDate "2014.12.26"]

1. e3 {[%emt 0:00:00]} d5 2. b3 e6 3. Bb2 f5 4. Be2 Nf6 5. Bh5+ g6 6. Be2 Bg7
7. Nc3 Ne4 8. Nf3 Nd7 9. Qc1 Qf6 10. Nd4 Qe7 11. Ndb5 Ndf6 12. d3 Nxc3 13. Nxc3
c6 14. f4 Nd7 15. O-O e5 16. e4 exf4 17. exd5 Bxc3 18. Bxc3 Qc5+ 19. d4 Qxc3
20. Qxf4 cxd5 21. Bb5 O-O 22. Rae1 a6 23. Re7 axb5 24. Qh6 Qxd4+ 25. Kh1 Rf7
26. Re8+ Nf8 27. h4 Qg7 28. Qg5 b6 29. h5 gxh5 30. Qxh5 Bb7 31. Re3 d4 32. Re2
Rf6 33. Kg1 Be4 34. Qh4 Re8 35. Qf2 Bc6 36. Rxe8 Bxe8 37. Qxd4 Rg6 38. Qd5+ Bf7
39. Qf3 Qd4+ 40. Rf2 Qa1+ 41. Rf1 Qd4+ 42. Rf2 Bd5 43. Qxf5 Rxg2+ 44. Kf1 Qd1#
0-1